Hamlet, Príncipe de Dinamarca (Record no. 143867)

MARC details
000 -LEADER
campo de control de longitud fija 00768nam a2200229 4500
001 - NÚMERO DE CONTROL
campo de control 143867
003 - IDENTIFICADOR DE NÚMERO DE CONTROL
campo de control ES-MaACL
005 - FECHA Y HORA DE LA ÚLTIMA TRANSACCIÓN
campo de control 20250716062531.0
007 - CAMPO FIJO DE DESCRIPCIÓN FÍSICA--INFORMACIÓN GENERAL
campo de control de longitud fija t|
008 - DATOS DE LONGITUD FIJA--INFORMACIÓN GENERAL
campo de control de longitud fija 070214s1956 sp r ||||1| spa d
100 1# - ENTRADA PRINCIPAL--NOMBRE DE PERSONA
Nombre de persona Shakespeare, William,
Fechas asociadas al nombre 1564-1616
9 (RLIN) 105992
245 10 - MENCIÓN DEL TÍTULO
Título Hamlet, Príncipe de Dinamarca
Resto del título : ; Macbeth /
Mención de responsabilidad, etc. William Shakespeare ; traducción directa del inglés, prólogo y notas por José Méndez Herrera.
250 ## - MENCION DE EDICION
Mención de edición 4ª ed.
260 ## - PUBLICACIÓN, DISTRIBUCIÓN, ETC.
Lugar de publicación, distribución, etc. Madrid :
Nombre del editor, distribuidor, etc. Aguilar,
Fecha de publicación, distribución, etc. 1956 (
Fabricante Ograma)
300 ## - DESCRIPCIÓN FÍSICA
Extensión 499 p., 1 lám. = retr. aut. :
Otras características físicas il. ;
Dimensiones 12 cm.
490 1# - MENCIÓN DE SERIE
Mención de serie Crisol ;
Designación de volumen o secuencia 61
700 1# - ENTRADA AGREGADA--NOMBRE PERSONAL
Nombre de persona Méndez Herrera, José.
9 (RLIN) 80156
740 0# - ENTRADA AGREGADA--TÍTULO RELACIONADO/ANALÍTICO NO CONTROLADO
Título relacionado o analítico no controlado Macbeth.
830 0# - PUNTO DE ACCESO ADICIONAL DE SERIE-TÍTULO UNIFORME
Título uniforme Crisol ;
Designación de volumen o secuencia 61
9 (RLIN) 180848
852 ## - LOCALIZACIÓN
Ubicación ES-MaACL
Número de control de estantería D-8533
Sublocalización o colección R.39691
Holdings
Estatus retirado Estado de pérdida Estado de daño No para préstamo Biblioteca de origen Biblioteca actual Ubicación en estantería Fecha de adquisición Fuente de adquisición Total de préstamos Signatura topográfica completa Código de barras Visto por última vez Precio de reemplazo Tipo de ítem Koha
        Biblioteca del Ateneo de Madrid Biblioteca del Ateneo de Madrid Sala Valle Inclán 17/01/2008     D-8533 901149683 23/02/2023 23/02/2023 Libro impreso